NLSUI OPAC header image

The political economy of the world trading system : The WTO and beyond (Record no. 26305)

MARC details
000 -LEADER
fixed length control field 00469nam a2200157Ia 4500
008 - FIXED-LENGTH DATA ELEMENTS--GENERAL INFORMATION
fixed length control field 160316s2009 xxu||||| |||| 00| 0 eng d
082 ## - DEWEY DECIMAL CLASSIFICATION NUMBER
Classification number 341.754000
Item number HOE
100 ## - MAIN ENTRY--PERSONAL NAME
Personal name Hoekman Bernard M
245 ## - TITLE STATEMENT
Title The political economy of the world trading system : The WTO and beyond
250 ## - EDITION STATEMENT
Edition statement 3rd
260 ## - PUBLICATION, DISTRIBUTION, ETC.
Place of publication, distribution, etc. Oxford
Name of publisher, distributor, etc. Oxford University Press
Date of publication, distribution, etc. 2009
300 ## - PHYSICAL DESCRIPTION
Extent 740p
Other physical details
Dimensions xviii
365 ## - TRADE PRICE
Price amount Rs. 1,100
650 ## - SUBJECT ADDED ENTRY--TOPICAL TERM
Topical term or geographic name entry element 1. World Trade System <br/>
700 ## - ADDED ENTRY--PERSONAL NAME
Personal name Kostecki Michel M
--
Holdings
Withdrawn status Lost status Damaged status Not for loan Home library Current library Shelving location Date acquired Cost, normal purchase price Total Checkouts Full call number Barcode Date last seen Price effective from Koha item type
        NLS NLS   30/05/2017 1100.00   341.754 HOE 23863 30/05/2017 30/05/2017 BOOKs